01180cam a22002893a 4500001000500000005001700005020001700022040003800039050001300077082000800090100002300098245007700121250004700198260003600245300004000281490005400321500002300375505000800398520029200406521002000698521002000718650002300738650003500761655003000796655002800826700003600854158720231124152605.0 a076714003996 aEOWcEOWdIHIdSLCdOCLdDLCbeng00aPZ7.D644 a3031 aDixon, Franklin W.10aJump shot detectives /cFranklin W. Dixon ; illustrated by Marcy Ramsey. aFirst Minstrel Books printing January 1998 aNew York :bPocket Books,c1998 a73 pages : billustrations ;c20 cm1 aFrank and Joe Hardy, the clues brothers ;vBook 4 a"A Minstrel book." aK  aThe popular Hardy boys feature as the Clues Brothers in a series aimed at younger readers. In this episode, Frank tries out for the basketball team and Joe videotapes his brother in action. But the tape is stolen and the boys must act fast to keep Frank's dreams of sports success alive.0 a510 bLexile 1 aK bRaz-Plus  0aBasketball stories 0aDetective and mystery stories. 7aChildren's stories.2lcsh 7aMystery fiction.2gsafd1 aRamsey, Marcy Dunneillustrator